Statistics for AP Calculus AB #3

Click here to take the quiz!

General Stats

  • This quiz has been taken 24 times
    (22 since last reset)
  • The average score is 3 of 10

Answer Stats

HintAnswer% Correct
You are tasked to find the limit of the function x^7/(x-6) at the x value 6. Does the limit exist in this situation? Yes Or No?No
63%
What is the area under the function 4x^3 from x= 0 to x= 3?81
56%
You are given the horizontal asymptote, the vertical asymptote, and the maximums and minimums of a function. Is this enough information to sketch the graph of the function? Yes Or No?No
56%
You are given the maximums and minimums, the points of inflection, the increase and decrease intervals, the concavity intervals, the asymptotes, and the x and y intercepts of a function. Is this enough to sketch the graph of the function? Yes Or No?Yes
56%
What is the limit as x approaches 5? Use factorization. Function: (x^2-6x+5)/(x^2-8x+15)2
31%
What rule is used to differentiate the following function: x^200Power Rule
31%
If you want to approximate the area under a graph on the interval [-5,5] in 20 rectangles, what would delta x be equal to?0.5
19%
What is the limit as x approaches 2? Use L'Hopital's rule. Function: (x^26)/(x^2-3x+2)5
13%
What rule is used to compute the exact area under a function?Fundamental Theorem Of Calculus I/FTC I
6%
What is the relative maximum x-value for all numbers on the function y = 4x^3+4x^2?-0.67
0%

Score Distribution

Percentile by Number Answered

Percent of People with Each Score

Your Score History

You have not taken this quiz since the last reset